Miasta Polskie na literę G - Statystyki

Ogólne statystyki
  • Ten quiz został rozwiązany 133 razy
    38 od ostatniego zresetowania
  • Średni wynik to 17 z 54
Statystyki odpowiedzi
Województwo Miasto % Poprawnych
Pomorskie Gdańsk
75%
Pomorskie Gdynia
75%
Warmińsko-Mazurskie Giżycko
75%
Śląskie Gliwice
70%
Mazowieckie Grodzisk Mazowiecki
70%
Kujawsko-Pomorskie Grudziądz
70%
Mazowieckie Garwolin
60%
Małopolskie Gorlice
60%
Lubuskie Gorzów Wielkopolski
60%
Dolnośląskie Głogów
55%
Dolnośląskie Góra
55%
Mazowieckie Grójec
55%
Wielkopolskie Gniezno
50%
Warmińsko-Mazurskie Gołdap
50%
Kujawsko-Pomorskie Golub-Dobrzyń
50%
Wielkopolskie Gostyń
50%
Wielkopolskie Grodzisk Wielkopolski
45%
Opolskie Głuchołazy
40%
Opolskie Głubczyce
35%
Mazowieckie Gostynin
35%
Zachodniopomorskie Gryfice
35%
Zachodniopomorskie Gryfino
35%
Pomorskie Gniew
30%
Mazowieckie Góra Kalwaria
30%
Łódzkie Grabów
30%
Podlaskie Grajewo
30%
Łódzkie Głowno
25%
Zachodniopomorskie Goleniów
25%
Mazowieckie Gąbin
20%
Opolskie Głogówek
20%
Kujawsko-Pomorskie Gniewkowo
20%
Podlaskie Goniądz
20%
Opolskie Grodków
20%
Kujawsko-Pomorskie Gąsawa
15%
Mazowieckie Gielniów
15%
Mazowieckie Glinojeck
15%
Podkarpackie Głogów Małopolski
15%
Mazowieckie Głowaczów
15%
Wielkopolskie Gołańcz
15%
Wielkopolskie Golina
15%
Świętokrzyskie Gowarczów
15%
Lubuskie Gubin
15%
Dolnośląskie Głuszyca
10%
Opolskie Gogolin
10%
Lubelskie Goraj
10%
Kujawsko-Pomorskie Górzno
10%
Opolskie Gorzów Śląski
10%
Wielkopolskie Grabów nad Prosną
10%
Małopolskie Grybów
10%
Zachodniopomorskie Golczewo
5%
Warmińsko-Mazurskie Górowo Iławeckie
5%
Lubuskie Gozdnica
5%
Dolnośląskie Gryfów Śląski
5%
Zachodniopomorskie Gościno
0%
Nie znaleziono quizów pasujących do podanych kryteriów
Rozkład punktacji
Procent ludzi z każdym wynikiem
Percentyl według liczby udzielonych odpowiedzi
Twoja historia wyników
Nie rozwiązałeś tego quizu od ostatniego zresetowania